000 01396nam0a22002651 4500
001 rc\508828
005 20030616164822.9
035 _a(NLR Aleph) 005749044
090 _a4819940
_c4819940
100 _a20030616d1987 u |0rusy50 ca
101 0 _arus
102 _aRU
105 _aa |||||||||
200 1 _aСОВРЕМЕННЫЙ технический уровень и тенденции развития производства и упаковывания соков и напитков за рубежом
_fГореньков Э.С. и др.
210 _aМ.
_cАгроНИИТЭИПП
_d1987
215 _a25 с.
_cил.
_d20
225 1 _aПищевая промышленность
_hСерия 18
_iКонсервная, овощесушильная и пищеконцентратная промышленность
_eОбзор. информ.
_fВНИИ информ. и техн.-экон. исслед. агропром. комплекса, ВНИИТЭИАгропром, НИИ информ. и техн.-экон. исслед. пищ. пром-сти
_vВып. 7
300 _aВ надзаг. также: Госагропром СССР
320 _aБиблиогр.: с. 25
702 1 _aГореньков
_bЭ. С.
_gЭдуард Семенович
_4220
801 0 _aRU
_bNLR
_gpsbo
801 1 _aRU
_bELAR
_2rusmarc
852 _aNLR
_jП10/5610
942 _cBOOK
980 _aNB